Encyclopédie de la Terre
| Auteur principal: | Collectif Auteur du texte |
|---|---|
| Support: | Livres |
| Langue: | Francais |
| Publié: |
2019 Nathan Paris |
| Genre: |
Documentaire jeunesse |
| Sujets: | |
| Étiquettes: |
Ajouter
Pas de Tags !
|
| LEADER | 00539nam0a2200169 450 | ||
|---|---|---|---|
| 001 | 16833245 | ||
| 010 | |a 978-2-09-259094-2 |b Br. |d 13,9 | ||
| 100 | |a 20191031d2019 u u0frey01 ba | ||
| 101 | 0 | |a fre | |
| 200 | 0 | |a Encyclopédie de la Terre |f Collectif | |
| 207 | 1 | |a | |
| 210 | |a Paris |b 9 rue Mechain. |c Nathan |d 2019 | ||
| 676 | |a 550 | ||
| 700 | 0 | |a Collectif |c Auteur du texte |4 70 | |
| 900 | |a Documentaire jeunesse | ||
| 901 | |a Accessible au prêt | ||
| 995 | |a Bibliothèque |c Bibliothèque |f 024020234 |h 024020234 |k E 550 COL |o p |q j |r az |e Bibliothèque | ||
